| 000 | 00404cam a2200169ua 4500 | ||
|---|---|---|---|
| 041 |
_aeng _h |
||
| 082 |
_a823.301 _bTAY/GR |
||
| 100 | _aTaylor, Jenny. | ||
| 245 |
_aGranny`s three black cats / _cJenny Taylor. _hTextual Documents |
||
| 250 |
_a1 / _b. |
||
| 260 |
_aLondon : _bLongman , _c1964. |
||
| 300 | _a24 ; . | ||
| 504 | _a | ||
| 700 | 1 | _aIngleby, Terry. | |
| 942 | _cBK | ||
| 999 |
_c7633 _d7633 |
||